000 00781nam a2200121Ia 4500
008 220615s9999||||xx |||||||||||||| ||und||
245 0 _aFrontiers of Real Estate Science in Japan
546 _aEnglish[eng]
650 _aLaw and Economics||Urban Economics||Administrative Law||Public Policy||Marketing||Regional and Spatial Economics||Real Estate||Japan||Social System||Environment||Market||House||Public international law: economic & trade||Company, commercial & competition law: general||Constitutional & administrative law: general||Public administration||Sales & marketing||Market research
700 _aAsami, Yasushi||Higano, Yoshiro||Fukui, Hideo
856 _uhttps://library.oapen.org/bitstream/20.500.12657/46837/1/2021_Book_FrontiersOfRealEstateScienceIn.pdf
942 _cEB
999 _c9147
_d9147